Mazaar, Bazaar: (Record no. 352134)
[ view plain ]
| 000 -LEADER | |
|---|---|
| fixed length control field | 00868 a2200253 4500 |
| 003 - CONTROL NUMBER IDENTIFIER | |
| control field | OSt |
| 005 - DATE AND TIME OF LATEST TRANSACTION | |
| control field | 20180116192324.0 |
| 008 - FIXED-LENGTH DATA ELEMENTS--GENERAL INFORMATION | |
| fixed length control field | 120207t xxu||||| |||| 00| 0 eng d |
| 020 ## - INTERNATIONAL STANDARD BOOK NUMBER | |
| International Standard Book Number | 2010341193 |
| 020 ## - INTERNATIONAL STANDARD BOOK NUMBER | |
| International Standard Book Number | 9780195475944 |
| 040 ## - CATALOGING SOURCE | |
| Transcribing agency | 0 |
| 082 ## - DEWEY DECIMAL CLASSIFICATION NUMBER | |
| Classification number | 760.9549 |
| 245 ## - TITLE STATEMENT | |
| Title | Mazaar, Bazaar: |
| Remainder of title | design and visual culture in Pakistan |
| Statement of responsibility, etc. | edited and designed by Saima Zaidi. |
| 260 ## - PUBLICATION, DISTRIBUTION, ETC. | |
| Place of publication, distribution, etc. | Karachi: |
| Name of publisher, distributor, etc. | Oxford University Press |
| Date of publication, distribution, etc. | c.2009 |
| 300 ## - PHYSICAL DESCRIPTION | |
| Extent | axvii, 347 p. : |
| Other physical details | bchiefly col. ill. ; |
| Dimensions | 34 cm. |
| 500 ## - GENERAL NOTE | |
| General note | Includes bibliographical references and index |
| 650 ## - SUBJECT ADDED ENTRY--TOPICAL TERM | |
| Topical term or geographic name entry element | Graphic arts |
| Geographic subdivision | Pakistan |
| 650 ## - SUBJECT ADDED ENTRY--TOPICAL TERM | |
| Topical term or geographic name entry element | Commercial art |
| Geographic subdivision | Pakistan |
| 650 ## - SUBJECT ADDED ENTRY--TOPICAL TERM | |
| Topical term or geographic name entry element | Popular culture |
| Geographic subdivision | Pakistan |
| 650 ## - SUBJECT ADDED ENTRY--TOPICAL TERM | |
| Topical term or geographic name entry element | Visual communication |
| Geographic subdivision | Pakistan |
| 700 ## - ADDED ENTRY--PERSONAL NAME | |
| Relator code | Zaidi, Samia |
| 942 ## - ADDED ENTRY ELEMENTS (KOHA) | |
| Institution code [OBSOLETE] | SADA |
| Koha item type | Book |
| Call number prefix | 760.95491 MAZ 2009 |
| Source of classification or shelving scheme | |
| Withdrawn status | Lost status | Source of classification or shelving scheme | Damaged status | Not for loan | Permanent Location | Current Location | Date acquired | Total Checkouts | Total Renewals | Full call number | Barcode | Date last seen | Date last checked out | Cost, replacement price | Price effective from | Koha item type |
|---|---|---|---|---|---|---|---|---|---|---|---|---|---|---|---|---|
| School of Art Design and Architecture (SADA) | School of Art Design and Architecture (SADA) | 06/11/2010 | 18 | 6 | 760.95491 MAZ 2009 | SADA0000012 | 06/02/2025 | 03/12/2025 | 2340.00 | 08/05/2011 | Book |
